LEADER 01292nam2 22003493i 450 001 PUV0366419 005 20231121125614.0 100 $a20170515d1870 ||||0itac50 ba 101 | $agrc$alat 102 $ade 181 1$6z01$ai $bxxxe 182 1$6z01$an 200 1 $a˜4: œHistoria graeca 205 $aNova ed. ster. C. Tauchnitiana 210 $aLipsiae$cHoltze$d1870 215 $aX, 298 p.$d24 300 $aTesto greco, sommari in latino. 461 1$1001TO01467447$12001 $aXenophontis operum$v4 500 10$aHellenica$3UFI0022245$9CFIV019634$921314 606 $aSenofonte . Elleniche$xEdizioni critiche$2FIR$3RMLC440394$9E 676 $a883.01$9Narrativa e poesia epica in greco classico. Origini-500.$v21 700 0$aXenophon$3CFIV019634$4070$075253 790 0$aSenofonte$c <430-ca. 355 a.C.>$3CFIV019635$zXenophon 790 0$aXenophon : Atheniensis$3SBNV038485$zXenophon 801 3$aIT$bIT-01$c20170515 850 $aIT-FR0017 899 $aBiblioteca umanistica Giorgio Aprea$bFR0017 $eN 912 $aPUV0366419 950 2$aBiblioteca umanistica Giorgio Aprea$d 52DFA COLL E XEN. 4 bis$e 52FLS0000324925 VMH RF $fB $h20170515$i20170515 977 $a 52 996 $aHellenica$921314 997 $aUNICAS LEADER 02990nas--2200577-n-450 001 990008898110403321 005 20240229084550.0 011 $a0531-9870 035 $a000889811 035 $aFED01000889811 035 $a(Aleph)000889811FED01 035 $a000889811 091 $2CNR$aP 00018996 100 $a20090724a19679999km-y0itaa50------ba 101 0 $aita 102 $aIT 110 $aauu-------- 200 1 $aAnnali della Fondazione Luigi Einaudi 207 1$a1967- 210 $aTorino$cLeo S. Olschki 326 $aAnnuale 327 0 $av. 23-1989 530 0 $aAnnali della Fondazione Luigi Einaudi 675 $a945 675 $a311 676 $a330 712 02$aFondazione Luigi Einaudi 801 0$aIT$bACNP$c20090723 859 4 $uhttp://acnp.cib.unibo.it/cgi-ser/start/it/cnr/dc-p1.tcl?catno=11316&person=false&language=ITALIANO&libr=&libr_th=unina1$zBiblioteche che possiedono il periodico 901 $aSE 912 $a990008898110403321 952 $aXI A 2348$b18258$fFSPBC 958 $aBiblioteca. Dipartimento di Economia dell'Università Federico II - Sez. II$b1967-2001;2004;$fSES 958 $aBiblioteca. Dipartimento di Economia dell'Università Federico II - Sez. I$b1967-1969;1971-1974;$eP-05$fDECTS 958 $aBRAU. Biblioteca di Ricerca di Area Umanistica$b1976-1979;1981-$eSP - Per. it. 89$fFLFBC 958 $aBiblioteca Centrale della Facoltà di Giurisprudenza dell'Università di Napoli Federico II$b1977;1989;$eXVII 994$fFGBC 958 $aBiblioteca Centralizzata. Facoltà di Agraria dell'Università Federico II di Napoli$b1967-2012;$c2001;$fFAGBC 959 $aFSPBC 959 $aSES 959 $aDECTS 959 $aFLFBC 959 $aFGBC 959 $aFAGBC 996 $aAnnali della Fondazione Luigi Einaudi$9468073 997 $aUNINA AP1 8 $6866-01$aNA037 Biblioteca. Dipartimento di Economia dell'Università Federico II - Sez. II$eVia Cinthia, 45 - Monte S. Angelo, 80126 Napoli (NA)$m(081) 675016/675025$m081/675014$nit AP1 8 $6866-02$aNA039 Biblioteca. Dipartimento di Economia dell'Università Federico II - Sez. I$bP-05$eVia Cinthia, 45 - Parco S. Paolo, 80126 Napoli (NA)$m(081) 675016/675025$m081/675014$nit AP1 8 $6866-03$aNA072 BRAU. Biblioteca di Ricerca di Area Umanistica$bSP - Per. it. 89$ePiazza Bellini 56/60, 80133 Napoli (NA)$m(081) 2533948$nit AP1 8 $6866-04$aNA073 Biblioteca Centrale della Facoltà di Giurisprudenza dell'Università di Napoli Federico II$bXVII 994$eCorso Umberto I, 80138 Napoli (NA)$m0812537531/33$m0812537532$nit AP1 8 $6866-05$aNA087 Biblioteca Centralizzata. Facoltà di Agraria dell'Università Federico II di Napoli$ev. Università, 100 Palazzo Reale, 80055 Portici (NA)$m081-2539322$m081-7760229$nit AP2 40$aacnp.cib.unibo.it$nACNP Italian Union Catalogue of Serials$uhttp://acnp.cib.unibo.it/cgi-ser/start/it/cnr/df-p.tcl?catno=11316&language=ITALIANO&libr=&person=&B=1&libr_th=unina&proposto=NO